00627cam a2200181 a 450000100100000000500170001000800410002704000250006808200180009310000430011124500420015426000560019630000210025249000350027365100610030865100410036983000350041000000665320200929153951.0770119s1976 ve f000 0 spa  aDO-SdBNPbspacBNPHU a987.04bT716c1 aTosta García, Francisco,d1852-1921.10aCarabobo /cFrancisco Tosta García. aCaracas :bOficina Central de Información,c1976. a285 p. ;c18 cm.1 aEpisodios Venezolanos ;vno. 6 4aVenezuelaxHistoriaxGuerra De Independencia, 1810-1823. 4aVenezuelaxVida Social Y Costumbres. 0aEpisodios Venezolanos ;nno. 6